| 000 | 00550nam a2200229Ia 4500 | ||
|---|---|---|---|
| 003 | OSt | ||
| 005 | 20220924145502.0 | ||
| 006 | a|||||r|||| 00| 0 | ||
| 007 | ta | ||
| 008 | TEL | ||
| 024 | _a328926 | ||
| 037 | _cTextual | ||
| 040 |
_aARTS _cARTS _bTEL |
||
| 041 |
_2TEL _aTEL |
||
| 082 | _aNR413, 35J6.1-.2 | ||
| 100 |
_aVasudevachari _9219858 |
||
| 245 | 0 | _aVasudeva keetana manjari | |
| 260 | _c1956 | ||
| 650 |
_aMUSIC _917402 |
||
| 942 |
_hNR413, 35J6.1-.2 _cTEXL _2CC |
||
| 999 |
_c460234 _d460234 |
||